000 00918nam a2200265Ia 4500
003 OSt
005 20220925235509.0
006 a|||||r|||| 00| 0
007 ta
008 220923b |||||||| |||| 00| 0 eng d
020 _a9788184502961
_c408
037 _b125, 05/08/2010, Ansh Book International
_cGeneral Book
040 _aRTL
_cRTL
_beng
041 _2eng
_aeng
082 _aY9(Q7), Q0
100 _aHUSSAIN Mohammed Galib
_9301364
245 0 _aIslamic theory of motivation
_b Insights from the Quran and Sunnah
260 _a New Delhi
_bDeep & Deep Publications
_c2010
300 _axii, 111p
_ccm.
500 _aBibliography: P 103-09; Glossary: P 99-102
650 _aGeography
700 _a SHERIFF S. Y. Anver
_9301365
942 _hY9(Q7), Q0
_cGB
_2CC
999 _c597406
_d597406